| 000 | 00546nam a2200181 a 4500 | ||
|---|---|---|---|
| 005 | 20140412111255.0 | ||
| 008 | 000823s19uu xx 00 eng d | ||
| 020 | _a0-590-44153-1 | ||
| 050 |
_aTR(PS E _bSc6 1984 |
||
| 100 | _aCrews, Donald | ||
| 245 |
_aSchool bus / _cDonald Crews. |
||
| 260 |
_aNew York : _bScholastic Inc, _c1984. |
||
| 300 | _a1 v. (unp.) ; ill. | ||
| 520 | _aGoing this way. Going that way. Yellow school buses cross the town. | ||
| 650 | _aSchool Bus-Fiction | ||
| 650 | _aTransportation--Fiction | ||
| 999 |
_c103230 _d103230 |
||